Funkce kontroly zajišťování shody s předpisy v novele zákona o pojišťovnictví a Solventnosti II
Kontrola, jej funkcia a postavenie v systéme riadenia poisťovní a zaisťovní s dôrazom na zmeny, ktoré smernica Solventnosť II prináša. Solventnosť II tvorí rôzne úrovne predpisov a predstavuje právny rámec pre dohľad nad činnosťou poisťovní a zaisťovní. Doplnená smernica Omnibus II prináša novelu zá...
Saved in:
| Main Author: | |
|---|---|
| Format: | Book Chapter |
| Language: | Czech |
| Subjects: | |
| Tags: |
No Tags, Be the first to tag this record!
|
MARC
| LEADER | 00000naa a2200000 4500 | ||
|---|---|---|---|
| 001 | 0210941 | ||
| 005 | 20220729110407.9 | ||
| 041 | 0 | |a cze | |
| 044 | |a CZ | ||
| 245 | 1 | 0 | |a Funkce kontroly zajišťování shody s předpisy v novele zákona o pojišťovnictví a Solventnosti II |c Drahomír Kubáň |
| 520 | |a Kontrola, jej funkcia a postavenie v systéme riadenia poisťovní a zaisťovní s dôrazom na zmeny, ktoré smernica Solventnosť II prináša. Solventnosť II tvorí rôzne úrovne predpisov a predstavuje právny rámec pre dohľad nad činnosťou poisťovní a zaisťovní. Doplnená smernica Omnibus II prináša novelu zákona o poisťovníctve. | ||
| 610 | 2 | 0 | |a poisťovníctvo |
| 610 | 2 | 0 | |a poisťovne |
| 610 | 2 | 0 | |a zaisťovne |
| 610 | 2 | 0 | |a solventnosť |
| 610 | 2 | 0 | |a legislatíva |
| 610 | 2 | 0 | |a dohľad nad finančným trhom |
| 610 | 2 | 0 | |a regulácia |
| 610 | 2 | 0 | |a Európska únia |
| 100 | 1 | |a Kubáň, Drahomír | |